|
|
|
|
| LEADER |
00000cam a2200000 7i4500 |
| 001 |
0000000400 |
| 005 |
20000809.0 |
| 090 |
0 |
0 |
|a 634.956
|b WOR 1983
|
| 110 |
1 |
0 |
|a The WORKSHOP on Hydrological Impacts of Forestry Practices and Reafforestation
|k 1983
|j Serdang, Selangor
|
| 245 |
1 |
0 |
|a Proceedings of Workshop on Hydrological Impacts of Forestry Practices and Reafforestation
|c edited by Kamis Awang ... (et al.)
|
| 260 |
0 |
0 |
|a Serdang :
|b Fakulti Perhutanan, Universiti Pertanian Malaysia ,
|c 1983
|
| 300 |
|
|
|a vi, 79 p. :
|b ill. maps ;
|c 24 cm.
|
| 650 |
0 |
0 |
|a Afforestation
|z Asia, Southeastern
|x Congresses
|
| 650 |
0 |
0 |
|a Forest influences
|x Congresses
|
| 650 |
0 |
0 |
|a Forests and forestry
|z Asia, Southeastern
|x Congresses
|
| 700 |
0 |
1 |
|a Kamis Awang
|
| 999 |
|
|
|a 0000001528
|b Monograph
|c Open Shelf
|e Default branch
|